=LDR 00000nam 2200000 4500 =001 INLIS000000000014517 =005 20130612105809 =008 ***********************************Ind** =035 ##$$0010-061300000014517 =041 ##$$a Ind =082 ##$$a 613.2 =090 ##$$a 613.2, Pan p =245 ##$$a Pangan dan gizi, ilmu, teknologi, industri dan perdagangan =260 ##$$a 2001 $b Jakarta =300 ##$$a iii, 297 hlm, Ilus, 23 cm =650 ##$$a Gizi =850 ##$$a NBPNMAT =990 ##$$a 30500190 =990 ##$$a 30500187 =990 ##$$a 30500188 =990 ##$$a 30500189 =990 ##$$a 50985098 =990 ##$$a 01201805098 =990 ##$$a 30500187 =990 ##$$a 30500188 =990 ##$$a 30500189 =990 ##$$a 30500190 =990 ##$$a 12881288 =990 ##$$a 30709102 =990 ##$$a 30500187 =990 ##$$a 30500188 =990 ##$$a 30500189 =990 ##$$a 01201805098 =990 ##$$a 01201901288 =990 ##$$a 38803880 =990 ##$$a 30709103 =990 ##$$a 30500187 =990 ##$$a 30500188 =990 ##$$a 30500189 =990 ##$$a 30709102 =990 ##$$a 01201805098 =990 ##$$a 01201901288